Aquifer test analysis (Record no. 14961)
[ view plain ]
| 000 -LEADER | |
|---|---|
| fixed length control field | 00244nam a22000977a 4500 |
| 100 ## - MAIN ENTRY--AUTHOR NAME | |
| Personal name | Shabbir, A S Syed |
| 245 ## - TITLE STATEMENT | |
| Title | Aquifer test analysis |
| 260 ## - PUBLICATION, DISTRIBUTION, ETC. (IMPRINT) | |
| Place of publication | Jamsshoro |
| Name of publisher | Institute of irigation and drainage engineering |
| 300 ## - PHYSICAL DESCRIPTION | |
| Number of Pages | 248p |
| 942 ## - ADDED ENTRY ELEMENTS (KOHA) | |
| Koha item type | Books |
| Withdrawn status | Lost status | Home library | Current library | Date acquired | Accession Number | Koha item type | Collection code | Full call number |
|---|---|---|---|---|---|---|---|---|
| Central Library, QUEST, Nawabshah | Central Library, QUEST, Nawabshah | 08/12/2015 | 13798 | Books | ||||
| Central Library, QUEST, Nawabshah | Central Library, QUEST, Nawabshah | 08/12/2015 | 13799 | Books | ||||
| Central Library, QUEST, Nawabshah | Central Library, QUEST, Nawabshah | 08/12/2015 | 13801 | Books | ||||
| Reference Section | Reference Section | 08/12/2015 | 13800 | Books | Reference | (Shelf - 81C) | ||
| Reference Section | Reference Section | 08/12/2015 | 13802 | Books | Reference | (Shelf - 81C) |